EGAP na prahu roku

Poisťovacia spoločnosť EGAP v Českej republike a služby, ktoré poskytuje pre exportérov. Zjednávanie platobných podmienok v poisťovacom kontrakte. Poistenie krátkodobých, strednodobých a dlhodobých úverov. Vytváranie nových foriem poistenia. Pobočka EGAP na Slovensku.

Salvato in:
Dettagli Bibliografici
Autore principale: Böhm, Arnošt
Natura: Capitolo di libro
Lingua:ceco
Soggetti:
Tags: Aggiungi Tag
Nessun Tag, puoi essere il primo ad aggiungerne!!

MARC

LEADER 00000naa a2200000 4500
001 r000705
005 20221213082756.2
041 0 |a cze 
044 |a CZ 
245 1 0 |a EGAP na prahu roku  |c A. Böhm 
520 |a Poisťovacia spoločnosť EGAP v Českej republike a služby, ktoré poskytuje pre exportérov. Zjednávanie platobných podmienok v poisťovacom kontrakte. Poistenie krátkodobých, strednodobých a dlhodobých úverov. Vytváranie nových foriem poistenia. Pobočka EGAP na Slovensku. 
610 2 0 |a poisťovne 
610 2 0 |a poistenie 
610 2 0 |a služby 
610 2 0 |a EGAP, a.s. Praha 
610 2 0 |a úver obchodný 
610 2 0 |a Česko 
610 2 0 |a Slovensko 
100 1 |a Böhm, Arnošt